One month to live : (Record no. 608263)
[ view plain ]
| 000 -LEADER | |
|---|---|
| fixed length control field | 02616cam a22002894a 4500 |
| 001 - CONTROL NUMBER | |
| control field | 15044183 |
| 003 - CONTROL NUMBER IDENTIFIER | |
| control field | NUST |
| 005 - DATE AND TIME OF LATEST TRANSACTION | |
| control field | 20240226162741.0 |
| 008 - FIXED-LENGTH DATA ELEMENTS--GENERAL INFORMATION | |
| fixed length control field | 071015s2008 cou 000 0 eng |
| 010 ## - LIBRARY OF CONGRESS CONTROL NUMBER | |
| LC control number | 2007042529 |
| 020 ## - INTERNATIONAL STANDARD BOOK NUMBER | |
| International Standard Book Number | 9781400073795 |
| 040 ## - CATALOGING SOURCE | |
| Original cataloging agency | DLC |
| Transcribing agency | DLC |
| Modifying agency | DLC |
| 050 00 - LIBRARY OF CONGRESS CALL NUMBER | |
| Classification number | BV4501.3 |
| Item number | .S564 2008 |
| 082 00 - DEWEY DECIMAL CLASSIFICATION NUMBER | |
| Classification number | 248.4 |
| Author Mark | SHO |
| 100 1# - MAIN ENTRY--PERSONAL NAME | |
| Personal name | Shook, Kerry. |
| 9 (RLIN) | 7583 |
| 245 10 - TITLE STATEMENT | |
| Title | One month to live : |
| Remainder of title | thirty days to a no-regrets life / |
| Statement of responsibility, etc. | Kerry and Chris Shook. |
| 250 ## - EDITION STATEMENT | |
| Edition statement | 1st ed. |
| 260 ## - PUBLICATION, DISTRIBUTION, ETC. | |
| Place of publication, distribution, etc. | Colorado Springs, Colo. : |
| Name of publisher, distributor, etc. | WaterBrook Press, |
| Date of publication, distribution, etc. | 2008. |
| 300 ## - PHYSICAL DESCRIPTION | |
| Extent | viii, 226 p. ; |
| Dimensions | 24 cm. |
| 505 0# - FORMATTED CONTENTS NOTE | |
| Formatted contents note | Day 1: introduction-living the dash -- Principle 1: live passionately -- Day 2: roller coaster-riding the big dipper -- Day 3: time squared-spending your most valuable resource -- Day 4: power surge-connecting with the ultimate source -- Day 5: oxygen mask-breathing first -- Day 6: monkey bars-risking greatness -- Day 7: dreamsicle-thawing out your frozen dreams -- Day 8: kick start-living life full throttle -- Principle 2: love completely -- Day 9: heart of the matter-relating and not waiting -- Day 10: ocean-exploring the depths of forgiveness -- Day 11: Everest-scaling the obstacles to unity -- Day 12: boxing ring-resolving conflicts by fighting fair -- Day 13: sandpaper-smoothing the edges -- Day 14: the gift-thanking those around you -- Day 15: last call-revealing our hearts -- Principle 3: learn humbly -- Day 16: star power-discovering who you were meant to be -- Day 17: gps-finding your direction -- Day 18: mulligan-playing with integrity -- Day 19: metamorphosis-changing from the inside out -- Day 20: earthquake-building a foundation that lasts -- Day 21: hurricanes-withstanding the winds of change -- Day 22: road signs-pathway to a personal miracle -- Principle 4: leave boldly -- Day 23: sandcastles-building a lasting legacy -- Day 24: seeds-planting acorns for mighty oaks -- Day 25: sticks and stones-using eternal building materials -- Day 26: collisions-staying the course when your life crashes -- Day 27: starfish-making a world of difference -- Day 28: footprint-leaving a lasting impression -- Day 29: game over-dying to live -- Day 30: conclusion-game on-living it up. |
| 650 #0 - SUBJECT ADDED ENTRY--TOPICAL TERM | |
| Topical term or geographic name entry element | Christian life. |
| 9 (RLIN) | 7584 |
| 700 1# - ADDED ENTRY--PERSONAL NAME | |
| Personal name | Shook, Chris. |
| 9 (RLIN) | 7585 |
| 856 41 - ELECTRONIC LOCATION AND ACCESS | |
| Materials specified | Table of contents only |
| Uniform Resource Identifier | <a href="http://www.loc.gov/catdir/toc/ecip082/2007042529.html">http://www.loc.gov/catdir/toc/ecip082/2007042529.html</a> |
| 906 ## - LOCAL DATA ELEMENT F, LDF (RLIN) | |
| a | 7 |
| b | cbc |
| c | orignew |
| d | 1 |
| e | ecip |
| f | 20 |
| g | y-gencatlg |
| 942 ## - ADDED ENTRY ELEMENTS (KOHA) | |
| Source of classification or shelving scheme | |
| Koha item type | Book |
| Withdrawn status | Lost status | Source of classification or shelving scheme | Damaged status | Not for loan | Permanent Location | Current Location | Shelving location | Date acquired | Total Checkouts | Total Renewals | Full call number | Barcode | Date last seen | Date last checked out | Price effective from | Koha item type |
|---|---|---|---|---|---|---|---|---|---|---|---|---|---|---|---|---|
| Central Library (CL) | Central Library (CL) | First Floor - Islam | 02/26/2024 | 2 | 1 | 248.4 SHO | CL3623 | 12/19/2025 | 09/17/2025 | 02/26/2024 | Book |
